Welcome to CU Library Online Public Access Catalogue (OPAC)

Essentials of economics / (Record no. 9686)

MARC details
000 -LEADER
fixed length control field 00657cam a2200217 i 4500
001 - CONTROL NUMBER
control field 18457347
005 - DATE AND TIME OF LATEST TRANSACTION
control field 20260427112540.0
008 - FIXED-LENGTH DATA ELEMENTS--GENERAL INFORMATION
fixed length control field 150121t20152013mauab 001 0 eng
020 ## - INTERNATIONAL STANDARD BOOK NUMBER
International Standard Book Number 9780133543391
Qualifying information softcover
020 ## - INTERNATIONAL STANDARD BOOK NUMBER
International Standard Book Number 0133543390
Qualifying information softcover
050 00 - LIBRARY OF CONGRESS CALL NUMBER
Classification number HB171
Item number .H83
082 00 - DEWEY DECIMAL CLASSIFICATION NUMBER
Classification number 330
Edition information 23
100 1# - MAIN ENTRY--PERSONAL NAME
Personal name Hubbard, R. Glenn.
245 10 - TITLE STATEMENT
Title Essentials of economics /
Statement of responsibility, etc. R. Glenn Hubbard, Anthony Patrick O'Brien.
260 ## - PUBLICATION, DISTRIBUTION, ETC.
Place of publication, distribution, etc. New Jersey
Name of publisher, distributor, etc. Prentice Hall
Date of publication, distribution, etc. c2007
300 ## - PHYSICAL DESCRIPTION
Extent xxxiii,599p
Other physical details color illustrations, color maps ;
Dimensions 28 cm
500 ## - GENERAL NOTE
General note Includes indexes.
650 #0 - SUBJECT ADDED ENTRY--TOPICAL TERM
Topical term or geographic name entry element Economics.
700 1# - ADDED ENTRY--PERSONAL NAME
Personal name O'Brien, Anthony Patrick.
942 ## - ADDED ENTRY ELEMENTS (KOHA)
Source of classification or shelving scheme Library of Congress Classification
Koha item type Books
Suppress in OPAC No
999 ## -
-- 9686
-- 9686
Holdings
Withdrawn status Lost status Source of classification or shelving scheme Damaged status Not for loan Collection Home library Current library Shelving location Date acquired Total checkouts Full call number Barcode Date last seen Price effective from Koha item type
    Library of Congress Classification     Non-fiction Main Library (Kumasi) Main Library (Kumasi) General stacks 04/26/2026   HB171.H83 HUB bssk00000214 04/27/2026 04/26/2026 Books
© 2023-2024 Copyright: Central University Libraries. All Rights Reserved | Created by: Mahone Tech Office